LIBRARY & INFORMATION CENTRE, KCAET, TAVANUR

ONLINE PUBLIC ACCESS CATALOGUE (OPAC)

Vidhyabhyasa Mekhalayil / (Record no. 1108)

MARC details
000 -LEADER
fixed length control field 00433cam a2200169ua 4500
041 ## - LANGUAGE CODE
Language code of text/sound track or separate title mal
082 ## - DEWEY DECIMAL CLASSIFICATION NUMBER
Classification number 894.8124
Item number SRE/VI
100 ## - MAIN ENTRY--AUTHOR NAME
Personal name Sreeranganathan, Vakkom.M .
245 ## - TITLE STATEMENT
Title Vidhyabhyasa Mekhalayil /
260 ## - PUBLICATION, DISTRIBUTION, ETC. (IMPRINT)
Place of publication :
Name of publisher Vakkom.M.Sreeranganathan ,
Year of publication 1960.
300 ## - PHYSICAL DESCRIPTION
Number of Pages 88 ; .
942 ## - ADDED ENTRY ELEMENTS (KOHA)
Koha item type Books
Holdings
Withdrawn status Lost status Damaged status Home library Current library Date acquired Full call number Accession Number Koha item type
      KAUAET KAUAET 07/04/2012 894.8124 5725 Books
free website counter